| 000 | 00430nam a2200157 i 4500 | ||
|---|---|---|---|
| 001 | 22242 | ||
| 003 | ES-MaACL | ||
| 005 | 20230906152644.0 | ||
| 007 | t| | ||
| 008 | 021202s1971 sp ||||1| spa d | ||
| 100 | 1 |
_aAlmela Guillén, José. _920130 |
|
| 245 | 1 | 0 |
_aMirada al mundo / _cJosé Almela Guillén. |
| 260 |
_aValencia : _bLópez Mezquita, _c[1971] |
||
| 300 |
_a261 p. ; _c20 cm. |
||
| 852 |
_aES-MaACL _jC-42784 _bR.80675 |
||
| 999 |
_c22242 _d22242 |
||